000 00827nam a2200229 a 4500
001 49908
003 BD-RjUL
005 20211209075429.0
008 160823s2008 bg ||||| |||| 00| p ben d
020 _a9843000016300
_c: Tk. 100.00
035 _a(BD-RjUL) 50028
040 _aBD-RjUL
_bben
_cBD-RjUL
041 _aben
082 _223
_a891.441
_bALC 2008
100 1 _aআলী, মোঃ নওসাদ
_9120166
245 1 0 _aচন্দনের সুঘ্রাণে আজীবন অঙ্গার আমি /
_cমোঃ নওসাদ আলী
260 _aঢাকা :
_bমুক্তদেশ প্রকাশন,
_c২০০৮
300 _a৮০ পৃ. ;
_c২১ সেমি.
650 _aবাংলা কবিতা
_9149580
650 _aBengali Poetry
_9149581
942 _2ddc
_cBK
999 _c49908
_d49908